=LDR 00000nam 2200000 4500 =001 INLIS000000000007747 =005 20130612095708 =008 ***********************************Ind** =035 ##$$0010-061300000007747 =041 ##$$a Ind =082 ##$$a 004.68 =090 ##$$a 004.68 =100 ##$$a Currrid, Cheryl C =245 ##$$a Menguasai novell netware, Cheryl C. Currid, Craig A. Gillett =260 ##$$a 1993 $b Jakarta =300 ##$$a xxii, 375 hlm, ilus, 21 cm =650 ##$$a Komputer-jaringan komnikasi